00426cam a2200169ua 45000010005000000080039000050400009000440410008000530820010000611000026000712450058000972500009001552600032001643000010001966530020002066530030002268266150113n ii |||gr||||Z||||||eng cMAIN aeng a823.3 aNeill,S. D.,eAuthor.1 aShort history of the english novelcBy S. Daina Neill a1st. aNew Delhi:bKalyani,c1998. a456p. aEnglish fiction aHistory of english novels